Athletic Club de Bilbao managers with most games - Statistics

General Stats
  • This quiz has been taken 51 times
  • The average score is 7 of 16
Answer Stats
Years Games Nationality Short name Last name La Liga Copa del Rey Supercopa % Correct
2003-2005, 2013-2017 306 Spain Ernesto Valverde 1
92%
2011-2013 113 Argentina Marcelo Bielsa
89%
1981-1986,1990-1991,2005-2006 289 Spain Javier Clemente 2 1 1
87%
2007-2011 187 Spain Joaquin Caparros
82%
1992-2994,2001-2003 168 Germany Jupp Heynckes
76%
1976-1979 137 Spain Koldo Aguirre
61%
1996-2000 184 France Luis Fernandez
61%
1980-1981,1985-1986,1990-1992 107 Spain Inaki Saez
42%
1987-1990 102 England Howard Kendall
37%
1922-1925,1929-1933 179 England Ferdinand Pentland 2 5
34%
1968-1969,1974-1976 113 Spain Rafael Iriondo 1
26%
1954-1957 112 Czechoslovakia Ferdinand Daucik 1 2
24%
1965-1969 129 Spain Agustin Gainza
18%
1940-1948 235 Spain Juan Urkizu 1 3
11%
1952-1954,1964-1965 121 Spain Antonio Barrios
5%
1949-1952 103 Spain Jose Irraragori 1
3%
No matching quizzes found
Score Distribution
Percent of People with Each Score
Percentile by Number Answered
Your Score History
You have not taken this quiz